| 000 | 00367nam a2200169Ia 4500 | ||
|---|---|---|---|
| 100 | _aVerma/Shalini | ||
| 650 | _aCommunication Skill | ||
| 942 | _cBK | ||
| 366 | _f15 | ||
| 654 | _abody language | ||
| 245 | _aBody language:Your success mantra | ||
| 260 |
_bS.Chand and Co. _c2009 |
||
| 082 |
_a371.2 _bVER |
||
| 300 | _a173 | ||
| 546 | _aENGLISH | ||
| 999 |
_c30688 _d30688 |
||